<?xml version="1.0" encoding="UTF-8"?>
<record
    xmlns:xsi="http://www.w3.org/2001/XMLSchema-instance"
    xsi:schemaLocation="http://www.loc.gov/MARC21/slim http://www.loc.gov/standards/marcxml/schema/MARC21slim.xsd"
    xmlns="http://www.loc.gov/MARC21/slim">

  <leader>01044nam0a22003011  4500</leader>
  <controlfield tag="001">RU\INFOCOMM_322\NLR\5000155413</controlfield>
  <controlfield tag="005">20250613105721.0</controlfield>
  <datafield tag="035" ind1=" " ind2=" ">
    <subfield code="a">(NLR Aleph) 009529649</subfield>
  </datafield>
  <datafield tag="090" ind1=" " ind2=" ">
    <subfield code="a">8879423</subfield>
    <subfield code="c">8879423</subfield>
  </datafield>
  <datafield tag="100" ind1=" " ind2=" ">
    <subfield code="a">20130206d1981    |||y0rusy50      ca</subfield>
  </datafield>
  <datafield tag="101" ind1="1" ind2=" ">
    <subfield code="a">eng</subfield>
    <subfield code="c">rus</subfield>
  </datafield>
  <datafield tag="102" ind1=" " ind2=" ">
    <subfield code="a">RU</subfield>
  </datafield>
  <datafield tag="105" ind1=" " ind2=" ">
    <subfield code="a">y   z   |||||</subfield>
  </datafield>
  <datafield tag="200" ind1="1" ind2=" ">
    <subfield code="a">Nuclear physics and nuclear reactors</subfield>
    <subfield code="f">V. E. Levin</subfield>
    <subfield code="g">Transl. from the Russ. by L. N. Bell</subfield>
  </datafield>
  <datafield tag="205" ind1=" " ind2=" ">
    <subfield code="a">Rev. from the 1979 Russ. ed.</subfield>
  </datafield>
  <datafield tag="210" ind1=" " ind2=" ">
    <subfield code="a">M.</subfield>
    <subfield code="c">Mir</subfield>
    <subfield code="d">1981</subfield>
  </datafield>
  <datafield tag="215" ind1=" " ind2=" ">
    <subfield code="a">376 &#x441;.</subfield>
    <subfield code="c">&#x438;&#x43B;.</subfield>
    <subfield code="d">21 &#x441;&#x43C;</subfield>
  </datafield>
  <datafield tag="300" ind1=" " ind2=" ">
    <subfield code="a">&#x414;&#x43E;&#x43F;. &#x442;&#x438;&#x442;. &#x43B;. &#x43D;&#x430; &#x440;&#x443;&#x441;. &#x44F;&#x437;.</subfield>
  </datafield>
  <datafield tag="300" ind1=" " ind2=" ">
    <subfield code="a">&#x412; &#x432;&#x44B;&#x43F;. &#x434;&#x430;&#x43D;.: &#x42F;&#x434;&#x435;&#x440;&#x43D;&#x430;&#x44F; &#x444;&#x438;&#x437;&#x438;&#x43A;&#x430; &#x438; &#x44F;&#x434;&#x435;&#x440;&#x43D;&#x44B;&#x435; &#x440;&#x435;&#x430;&#x43A;&#x442;&#x43E;&#x440;&#x44B; / &#x412;&#x430;&#x441;&#x438;&#x43B;&#x438;&#x439; &#x415;&#x432;&#x441;&#x435;&#x435;&#x432;&#x438;&#x447; &#x41B;&#x435;&#x432;&#x438;&#x43D;</subfield>
  </datafield>
  <datafield tag="620" ind1=" " ind2=" ">
    <subfield code="a">&#x41C;&#x43E;&#x441;&#x43A;&#x432;&#x430;</subfield>
  </datafield>
  <datafield tag="686" ind1=" " ind2=" ">
    <subfield code="a">&#x424;&#x437;-1500(&#x420;&#x443;&#x43A;.&#x442;&#x435;&#x445;&#x43D;.)[&#x412;38&#x44F;723-1]</subfield>
    <subfield code="2">rubbk</subfield>
  </datafield>
  <datafield tag="686" ind1=" " ind2=" ">
    <subfield code="a">&#x417;46&#x44F;723-1</subfield>
    <subfield code="2">rubbk</subfield>
  </datafield>
  <datafield tag="700" ind1=" " ind2="1">
    <subfield code="a">Levin</subfield>
    <subfield code="b">V. E.</subfield>
    <subfield code="g">Vasilij Evseevi&#x10D;</subfield>
  </datafield>
  <datafield tag="801" ind1=" " ind2="1">
    <subfield code="a">RU</subfield>
    <subfield code="b">Infocomm</subfield>
    <subfield code="c">20130206</subfield>
  </datafield>
  <datafield tag="801" ind1=" " ind2="0">
    <subfield code="a">RU</subfield>
    <subfield code="b">INFOCOMM</subfield>
    <subfield code="g">PSBO</subfield>
  </datafield>
  <datafield tag="852" ind1=" " ind2=" ">
    <subfield code="a">NLR</subfield>
    <subfield code="j">&#x424;&#x437;01 &#x414;-3/178</subfield>
  </datafield>
  <datafield tag="942" ind1=" " ind2=" ">
    <subfield code="c">BOOK</subfield>
  </datafield>
  <datafield tag="980" ind1=" " ind2=" ">
    <subfield code="a">NB</subfield>
  </datafield>
  <datafield tag="995" ind1=" " ind2=" ">
    <subfield code="5">2013-10-26</subfield>
    <subfield code="b">NLR01</subfield>
    <subfield code="c">NLR01</subfield>
    <subfield code="e">IF</subfield>
    <subfield code="f">9529649-10</subfield>
    <subfield code="k">&#x424;&#x437;01 &#x414;-3/178</subfield>
    <subfield code="o">0</subfield>
    <subfield code="r">BOOK</subfield>
    <subfield code="s">01_3178</subfield>
  </datafield>
</record>
